000 00535cam a22001933a 4500
001 39818
003 PGUSA
005 20140828083904.0
008 120527s2012||||xxu|||||s|||||000 | eng d
040 _aPGUSA
_beng
042 _adc
245 1 2 _aA Catalogue of Books for the Young
_h[electronic resource] /
_cVarious
260 _bProject Gutenberg,
_c2012
506 _aPublic domain in the USA.
516 _aElectronic text
830 0 _aProject Gutenberg
_v39818
856 4 0 _uhttp://www.gutenberg.org/ebooks/39818
942 _cEB
999 _c269071
_d269071